书目信息 |
| 题名: |
微控制器原理与应用
|
|
| 作者: | 徐安 , 陈耀 , 方春华 编著 | |
| 分册: | ||
| 出版信息: | 北京 科学出版社 2006 |
|
| 页数: | 11,477页 | |
| 开本: | 24cm | |
| 丛书名: | ||
| 单 册: | ||
| 中图分类: | TP332.3 | |
| 科图分类: | ||
| 主题词: | 微控制器--高等学校--教材 | |
| 电子资源: | ||
| ISBN: | 7-03-017811-4 | |
| 000 | 00988nam0 2200289 450 | |
| 001 | 012004076909 | |
| 005 | 20070805144826.21 | |
| 009 | 012004076909 | |
| 010 | @a7-03-017811-4@dCNY39.00 | |
| 035 | @a(110019)012006097567 | |
| 100 | @a20060929d2006 em y0chiy0110 ea | |
| 101 | 0 | @achi |
| 102 | @aCN@b110000 | |
| 105 | @ay z 000yy | |
| 106 | @ar | |
| 200 | 1 | @a微控制器原理与应用@Awei kong zhi qi yuan li yu ying yong@f徐安, 陈耀, 方春华编著@Fxu an , chen yao , fang chun hua bian zhu |
| 210 | @a北京@c科学出版社@d2006 | |
| 215 | @a11,477页@d24cm | |
| 300 | @a高等院校教材 | |
| 330 | @a本书讲述了MCU的原理、结构、指令、汇编语言程序设计、基本模块和系统扩展等;并根据MCU个性化、多功能化、网络化的普遍发展趋势,介绍了多项MCU功能的增强。 | |
| 606 | 0 | @a微控制器@x高等学校@j教材 |
| 690 | @aTP332.3@v4 | |
| 701 | 0 | @a徐安@Axu an@4编著 |
| 701 | 0 | @a陈耀@Achen yao@4编著 |
| 701 | 0 | @a方春华@Afang chun hua@4编著 |
| 801 | 0 | @aCN@b110019@c20070805 |
| 905 | @dTP332.3@e104@f5 | |
| 微控制器原理与应用/徐安, 陈耀, 方春华编著.-北京:科学出版社,2006 |
| 11,477页;24cm |
| 高等院校教材 |
| ISBN 7-03-017811-4:CNY39.00 |
| 本书讲述了MCU的原理、结构、指令、汇编语言程序设计、基本模块和系统扩展等;并根据MCU个性化、多功能化、网络化的普遍发展趋势,介绍了多项MCU功能的增强。 |
| ● |
| 相关链接 |
|
|
|
|
正题名:微控制器原理与应用
索取号:TP332.3/104
 
预约/预借
| 序号 | 登录号 | 条形码 | 馆藏地/架位号 | 状态 | 备注 |
| 1 | 0852578 | 208525782 | 第二样本阅览室/ [索取号:TP332.3/104] | 在馆 | |
| 2 | 0852579 | 208525791 | 第三借阅区/ [索取号:TP332.3/104] | 在馆 | |
| 3 | 0852580 | 208525808 | 第三借阅区/ [索取号:TP332.3/104] | 在馆 | |
| 4 | 0852581 | 208525817 | 第三借阅区/ [索取号:TP332.3/104] | 在馆 | |
| 5 | 0852582 | 208525826 | 第三借阅区/ [索取号:TP332.3/104] | 在馆 |